Charles Darwin's On the origin of species / ... Read More
Available copies
- 3 of 3 copies available at LARL/NWRL Consortium. (Show)
- 1 of 1 copy available at Northwest Regional Library.
Current holds
0 current holds with 3 total copies.
Show Only Available Copies
| Location | Call Number / Copy Notes | Barcode | Shelving Location | Status | Due Date |
|---|---|---|---|---|---|
| Thief River Falls Public Library | j 576.82 RAD (Text) | 35500006251142 | Main | Available | - |
Record details
- ISBN: 9781984894915
- ISBN: 1984894919
- Physical Description: pages cm
- Publisher: New York : Crown Books for Young Readers, [2019]
Content descriptions
| Summary, etc.: | "A picture book adaptation of Charles Darwin's ... Read More |
| Target Audience Note: | Age 4-8. K to grade 3. |
Search for related items by subject
| Genre: | Juvenile works. |
| LDR | 01922cam a22004938i 4500 | ||
|---|---|---|---|
| 001 | 331572 | ||
| 003 | LARL_NWRL_CONSORTIUM | ||
| 005 | 20191011165649.0 | ||
| 008 | 181204s2019 nyu j 000 0 eng | ||
| 010 | . | ‡a 2018057034 | |
| 040 | . | ‡aDLC ‡beng ‡erda ‡cDLC ‡dOCLCF ‡dBDX ‡dYDX | |
| 020 | . | ‡a9781984894915 ‡q(hc) | |
| 020 | . | ‡a1984894919 | |
| 020 | . | ‡z9781984894939 (epub) | |
| 020 | . | ‡z9781984894922 (glb) | |
| 035 | . | ‡a(OCoLC)1078953420 | |
| 042 | . | ‡apcc | |
| 082 | 0 | 0. | ‡a576.8/2 ‡223 |
| 100 | 1 | . | ‡aRadeva, Sabina ‡c(Graphic artist), ‡eauthor. |
| 245 | 1 | 0. | ‡aCharles Darwin's On the origin of species / ‡cadapted and illustrated by Sabina Radeva. |
| 246 | 3 | 0. | ‡aOn the origin of species |
| 264 | 1. | ‡aNew York : ‡bCrown Books for Young Readers, ‡c[2019] | |
| 300 | . | ‡apages cm | |
| 336 | . | ‡atext ‡btxt ‡2rdacontent | |
| 337 | . | ‡aunmediated ‡bn ‡2rdamedia | |
| 338 | . | ‡avolume ‡bnc ‡2rdacarrier | |
| 521 | 1 | . | ‡aAge 4-8. |
| 521 | 2 | . | ‡aK to grade 3. |
| 520 | . | ‡a"A picture book adaptation of Charles Darwin's groundbreaking On the Origin of Species, lushly illustrated and told in accessible and engaging easy-to-understand text for young readers."-- ‡cProvided by publisher. | |
| 600 | 1 | 0. | ‡aDarwin, Charles, ‡d1809-1882. ‡tOn the origin of species. ‡0(LARL_NWRL_CONSORTIUM)69809 |
| 630 | 0 | 7. | ‡aOn the origin of species (Darwin, Charles) ‡2fast |
| 650 | 0. | ‡aEvolution (Biology) ‡vJuvenile literature. ‡0(LARL_NWRL_CONSORTIUM)164872 | |
| 650 | 0. | ‡aNatural selection ‡vJuvenile literature. | |
| 650 | 7. | ‡aEvolution (Biology) ‡2fast ‡0(LARL_NWRL_CONSORTIUM)37744 | |
| 650 | 7. | ‡aNatural selection. ‡2fast ‡0(LARL_NWRL_CONSORTIUM)26587 | |
| 655 | 7. | ‡aJuvenile works. ‡2fast | |
| 905 | . | ‡uvanderl | |
| 901 | . | ‡a331572 ‡b ‡c331572 ‡tbiblio ‡soclc | |

Add to basket
Permalink
Disable Highlighting